EFFECT OF ASSET LIABILITY MANAGEMENT OF LIQUIDITY RISK OF MICRO-FINANCE BANKS IN KENYA (Record no. 215995)
[ view plain ]
| 000 -LEADER | |
|---|---|
| fixed length control field | 00452nam a22001337a 4500 |
| 008 - FIXED-LENGTH DATA ELEMENTS--GENERAL INFORMATION | |
| fixed length control field | 250807b |||||||| |||| 00| 0 eng d |
| 050 ## - LIBRARY OF CONGRESS CALL NUMBER | |
| Classification number | THE:HG 1615.25 .M36 2017 |
| 100 ## - MAIN ENTRY--PERSONAL NAME | |
| Personal name | MOSES WAPANGANA MAMATI |
| 245 ## - TITLE STATEMENT | |
| Title | EFFECT OF ASSET LIABILITY MANAGEMENT OF LIQUIDITY RISK OF MICRO-FINANCE BANKS IN KENYA |
| Remainder of title | A SURVEY OF BANKS IN NAIROBI COUNTY |
| 260 ## - PUBLICATION, DISTRIBUTION, ETC. | |
| Place of publication, distribution, etc. | KENYA |
| Name of publisher, distributor, etc. | KISII UNIVERSITY |
| Date of publication, distribution, etc. | 2017 |
| 300 ## - PHYSICAL DESCRIPTION | |
| Extent | X,709 |
| 942 ## - ADDED ENTRY ELEMENTS (KOHA) | |
| Source of classification or shelving scheme | Library of Congress Classification |
| Koha item type | Reference |
| Withdrawn status | Lost status | Source of classification or shelving scheme | Damaged status | Not for loan | Collection | Home library | Current library | Shelving location | Date acquired | Inventory number | Total checkouts | Full call number | Barcode | Date last seen | Copy number | Price effective from | Koha item type |
|---|---|---|---|---|---|---|---|---|---|---|---|---|---|---|---|---|---|
| Library of Congress Classification | Reference | Kisii University Library | Kisii University Library | On Display | 08/07/2025 | 108002 | THE:HG 1615.25.M36 2017 | 000000023828 | 08/07/2025 | 1 | 08/07/2025 | Reference |